Pays de l'Axe sur une Carte - Statistiques

Statistiques générales
  • Ce quiz a été pris 67 fois
  • Le résultat moyen est 10 sur 11
Réponses sur la Carte
Les réponses sont colorées sur une échelle allant du rouge au vert en fonction du pourcentage des utilisateurs qui les ont devinées à leur premier essai. Vous pouvez retrouver ces pourcentages ci-dessous.
 
Statistiques - réponses
Réponse % Correct
1 Allemagne
100%
1 Italie
100%
1 Japon
100%
3 Finlande
97%
2 Roumanie
97%
2 Bulgarie
91%
2 Hongrie
91%
2 Slovaquie
84%
3 Thaïlande
81%
2 Yougoslavie
79%
2 Croatie
72%
Aucun quiz correspondant
Distribution des résultats
% des personnes avec chaque résultat
Percentile par nombre de réponses
Votre historique - résultats
Vous n’avez pas pris ce quiz